UM Logo

An analytical discontinuous space-vector PWM for three-level inverters with unbalanced DC-Link voltages / (Record no. 19541)

MARC details
000 -LEADER
fixed length control field 01051nam a22002417a 4500
003 - CONTROL NUMBER IDENTIFIER
control field OSt
005 - DATE AND TIME OF LATEST TRANSACTION
control field 20250827103504.0
008 - FIXED-LENGTH DATA ELEMENTS--GENERAL INFORMATION
fixed length control field 240308b ||||| |||| 00| 0 eng d
040 ## - CATALOGING SOURCE
Transcribing agency 0
082 ## - DEWEY DECIMAL CLASSIFICATION NUMBER
Classification number DPer 621.317 Ie21 July 2022 v. 37 n. 7
100 ## - MAIN ENTRY--PERSONAL NAME
Personal name Yan, Qingzeng.
Relator term author.
9 (RLIN) 54064
245 ## - TITLE STATEMENT
Title An analytical discontinuous space-vector PWM for three-level inverters with unbalanced DC-Link voltages /
Statement of responsibility, etc. Qingzeng Yan, Langtao Xiao, Haoming Chen, Xibo Yuan, Hailiang Xu, and Rende Zhao.
260 ## - PUBLICATION, DISTRIBUTION, ETC. (IMPRINT)
Place of publication, distribution, etc. New York ;
Name of publisher, distributor, etc. The Institute of Electrical and Electronics Engineers, Inc. ,
Date of publication, distribution, etc. July 2022.
300 ## - PHYSICAL DESCRIPTION
Extent volume 37, pages 7718-7728 :
Other physical details illustration ;
Dimensions 28 cm.
500 ## - GENERAL NOTE
General note IEEE Transactions on Power Electronics, vol. 37, no. 7, Pages 7718-7728, July 2022.
700 ## - ADDED ENTRY--PERSONAL NAME
Personal name Yan, Qingzeng.
Relator term author.
9 (RLIN) 54064
700 ## - ADDED ENTRY--PERSONAL NAME
Personal name Xiao, Langtao.
Relator term author.
9 (RLIN) 54065
700 ## - ADDED ENTRY--PERSONAL NAME
Personal name Chen, Haoming.
Relator term author.
9 (RLIN) 54066
700 ## - ADDED ENTRY--PERSONAL NAME
Personal name Yuan, Xibo.
Relator term author.
9 (RLIN) 54067
700 ## - ADDED ENTRY--PERSONAL NAME
Personal name Xu, Hailiang.
Relator term author.
9 (RLIN) 54068
700 ## - ADDED ENTRY--PERSONAL NAME
Personal name Zhao, Rende.
Relator term author.
9 (RLIN) 54069
942 ## - ADDED ENTRY ELEMENTS (KOHA)
Source of classification or shelving scheme Dewey Decimal Classification
Koha item type Periodicals
Holdings
Withdrawn status Lost status Source of classification or shelving scheme Damaged status Not for loan Collection code Home library Current library Date acquired Total Checkouts Full call number Date last seen Price effective from Koha item type Public note
    Dewey Decimal Classification     Periodicals UM Digos College - LIC UM Digos College - LIC 03/08/2024   DPer 621.317 Ie21 July 2022 v. 37 n. 7 03/08/2024 03/08/2024 Periodicals Periodical Article